BABYMETAL Songs Quiz - Statistics

General Stats
  • This quiz has been taken 353 times
  • The average score is 26 of 42
Answer Stats
Hint Answer % Correct
BABYMETAL (2014) Gimme Chocolate!!
88%
BABYMETAL (2014) Megitsune
86%
BABYMETAL (2014) Doki Doki ☆ Morning
82%
BABYMETAL (2014) Head Bangeeeeerrrrr!!!!!
80%
METAL RESISTANCE (2016) Road Of Resistance
78%
BABYMETAL (2014) BABYMETAL DEATH
77%
METAL RESISTANCE (2016) Karate
77%
BABYMETAL (2014) Uki Uki ★ Midnight
75%
BABYMETAL (2014) Akatsuki
74%
BABYMETAL (2014) Onedari Daisakusen
74%
METAL GALAXY (2019) PA PA YA!!
74%
BABYMETAL (2014) Song 4 / 4 no Uta
71%
METAL RESISTANCE (2016) Yava!
69%
BABYMETAL (2014) Rondo of Nightmare
68%
METAL RESISTANCE (2016) The One
68%
METAL RESISTANCE (2016) GJ!
66%
BABYMETAL (2014) Ijime, Dame, Zettai
66%
BABYMETAL (2014) Iine!
65%
METAL RESISTANCE (2016) Sis. Anger
65%
METAL RESISTANCE (2016) Awadama Fever
63%
METAL GALAXY (2019) DA DA DANCE
61%
METAL GALAXY (2019) Starlight
61%
METAL GALAXY (2019) [Japanese bonus track] BxMxC
59%
BABYMETAL (2014) Catch Me If You Can
59%
METAL GALAXY (2019) Elevator Girl
59%
METAL RESISTANCE (2016) Amore
56%
METAL GALAXY (2019) Distortion
56%
METAL RESISTANCE (2016) No Rain, No Rainbow
56%
METAL GALAXY (2019) Shanti Shanti Shanti
56%
METAL GALAXY (2019) Shine
55%
METAL GALAXY (2019) Arkadia
54%
METAL GALAXY (2019) FUTURE METAL
53%
METAL RESISTANCE (2016) [Japanese bonus track] Syncopation
51%
METAL GALAXY (2019) Kagerou
50%
METAL RESISTANCE (2016) Meta Taro
50%
METAL GALAXY (2019) Oh! MAJINAI
50%
METAL RESISTANCE (2016) [European bonus track] From Dusk Till Dawn
48%
METAL GALAXY (2019) Brand New Day
47%
METAL GALAXY (2019) Night Night Burn!
46%
METAL GALAXY (2019) IN THE NAME OF
41%
METAL GALAXY (2019) [Japanese bonus track] ↑↓←→BBAB
40%
METAL RESISTANCE (2016) Tales Of The Destinies
37%
No matching quizzes found
Score Distribution
Percent of People with Each Score
Percentile by Number Answered
Your Score History
You have not taken this quiz